000 01018cam a2200289 a 4500
001 000012016
005 20200929162646.0
008 050628s2004 sp a b 100 0 spa
020 _a8496373274
035 _a(SpBaPL)pu050090246
040 _aDO-SdBNP
_cDLC
_dBNPHU
050 0 0 _aBV160
_b.C78 2004
082 _ann
_bC955m
245 0 3 _aLas Cruces de Mayo en España :
_btradición y ritual festivo /
_cedición, David González Cruz.
260 _aHuelva, (España) :
_bUniversidad de Huelva :
_bAyuntamiento de Almonte,
_c2004.
300 _a133 p. :
_bil. ;
_c21 cm.
490 1 _aCollectanea
_v82
504 _aIncluye referencias bibliográficas.
650 0 _aFeast of the cross
_zSpain.
_928416
650 0 _aFasts and feasts
_zSpain.
_928417
651 0 _aSpain
_xReligious Life And Customs.
_928418
651 0 _aSpain
_xSocial Life And Customs.
_928419
700 1 _aGonzalez Cruz, David,
_eed.
_928420
830 0 _aCollectanea ;
_v82.
_928294
910 _aCatalogación por copia / LC
049 _aBNGR
999 _c11684
_d11684